Statistics for Famous People Named Carl or Karl

Click here to take the quiz!

General Stats

  • This quiz has been taken 119 times
  • The average score is 8 of 20

Answer Stats

LifeHintPerson% Correct
1818–1883Writer of The Communist Manifesto and Das KapitalKarl Marx
95%
1945–Singer-songwriter of "You're So Vain" and "Nobody Does It Better"Carly Simon
68%
1985–Canadian singer-songwriter of "Call Me Maybe"Carly Rae Jepsen
67%
1934–1996Astronomer who wrote Cosmos and ContactCarl Sagan
62%
1947–Acclaimed guitarist of "Black Magic Woman" and "Oye Como Va"Carlos Santana
51%
1922–2020Formed a comedy duo with Mel Brooks (father of director Rob)Carl Reiner
50%
1946–1998Beach Boys lead guitarist who sang on "Good Vibrations" and "Kokomo"Carl Wilson
50%
1961–American track and field athlete who won nine Olympic gold medalsCarl Lewis
47%
1948–Actor who played Apollo Creed and Action JacksonCarl Weathers
40%
1963–Nicknamed "the Mailman", one of the best power forwards in NBA historyKarl Malone
40%
1875–1961Swiss psychiatrist known for concepts like anima, shadow, and archetypeCarl Jung
38%
1980–Singer-songwriter and pianist of "A Thousand Miles"Vanessa Carlton
36%
1932–1998Rockabilly singer and guitarist who wrote "Blue Suede Shoes"Carl Perkins
35%
1707–1778Swedish botanist who standardized binomial nomenclatureCarl Linnaeus
30%
1937–2008Comedian and social critic famous for his "seven dirty words" routineGeorge Carlin
27%
1940–Mexican businessman once called the world's richest personCarlos Slim
24%
FictionalHomer's coworker and Lenny's buddy in The SimpsonsCarl Carlson
22%
FictionalPolice officer and family patriarch of Family MattersCarl Winslow
21%
1967–Comedian of Comedy Central's Mind of _____, accused of plagiarismCarlos Mencia
13%
1878–1967Pulitzer-winning poet of Chicago Poems and Remembrance RockCarl Sandburg
10%

Score Distribution

Percentile by Number Answered

Percent of People with Each Score

Your Score History

You have not taken this quiz